Central Library and Information Centre
Sibsagar Girls' College, Sivasagar : Assam

SYNONYMS & ANTONYMS (Record no. 5808)

MARC details
000 -LEADER
fixed length control field 00375cam a2200169ua 4500
008 - FIXED-LENGTH DATA ELEMENTS--GENERAL INFORMATION
fixed length control field 120721n1995 II |||gr||||Z||||||eng
040 ## - CATALOGING SOURCE
Original cataloging agency MAIN
041 ## - LANGUAGE CODE
-- English
082 ## - DEWEY DECIMAL CLASSIFICATION NUMBER
Classification number 415 URD
100 ## - MAIN ENTRY--PERSONAL NAME
Personal name URDANG, LAURENCE.
245 ## - TITLE STATEMENT
Title SYNONYMS & ANTONYMS
260 ## - PUBLICATION, DISTRIBUTION, ETC.
Place of publication, distribution, etc. LONDON
Name of publisher, distributor, etc. MCMILAN & CO.
Date of publication, distribution, etc. 1995
300 ## - PHYSICAL DESCRIPTION
Extent 371:
Dimensions 22CM.
942 ## - ADDED ENTRY ELEMENTS (KOHA)
Koha item type Books
653 ## - INDEX TERM--UNCONTROLLED
Uncontrolled term Grammar
Holdings
Withdrawn status Lost status Damaged status Not for loan Collection code Home library Current library Shelving location Date acquired Total Checkouts Full call number Barcode Date last seen Date last checked out Copy number Price effective from Koha item type Public note
        TBENG Central Library and Information Centre Sibsagar Girls College Central Library and Information Centre Sibsagar Girls College ENGLISH BOOK RACK 19.06.1995 1 415 URD 13978 17.10.2022 10.10.2022 1 27.02.2020 Books V


Sibsagar Girl's College © 2020. All rights reserved.
Powered by Koha.
Maintained by Abhijit Borpuzari.